| 000 | 01104nam a2200313 a 4500 | ||
|---|---|---|---|
| 999 |
_c6664 _d6664 |
||
| 001 | 4042470 | ||
| 003 | OSt | ||
| 005 | 20210714112726.0 | ||
| 008 | 980803s1997 enka b 000 0 eng d | ||
| 020 | _a9788179922422 | ||
| 035 | _a(OCoLC)38063060 | ||
| 040 |
_aEQN _cEQN _dDLC |
||
| 042 | _alccopycat | ||
| 050 | 0 | 0 |
_aHF5549.5.E5 _bT66 1997 |
| 082 | 0 | 0 |
_a658.31125 _bTOP/P |
| 100 |
_aToplis, John _91428 |
||
| 245 | 1 | 0 |
_aPsychological testing : _ba managers guide / _cJohn Toplis, Victor Dulewicz, Clive Fletcher. |
| 260 |
_aMumbai : _bJaico Publishing, _c2005. |
||
| 300 |
_axiv, 226 p. : _bill. ; _c22 cm. |
||
| 504 | _aIncludes bibliographical references. | ||
| 650 | 0 | _aEmployment tests. | |
| 650 | 0 | _aPsychological tests. | |
| 650 | 2 | _aPsychometrics. | |
| 700 | 1 |
_aDulewicz, Vic _91641 |
|
| 700 | 1 |
_aFletcher, Clive _91642 |
|
| 906 |
_a7 _bcbc _ccopycat _d3 _encip _f19 _gy-gencatlg |
||
| 942 |
_2ddc _cBK _h658.31125 _iTOP/P _k658.31125 _mTOP/P |
||